Ai-je joué aux Sixers de Philadelphie - Statistiques

Statistiques générales
  • Ce quiz a été pris 18 fois
  • Le résultat moyen est 4 sur 17
Answers on the Grid
Answers color-coded by a green-red scale on the quiz's grid according to % correct below.
Samuel DALEMBERT
Kyle KORVER
Lou AMUNDSON
Emeka OKAFOR
Jerry STACKHOUSE
Jeff HORNACEK
Scott BROOKS
Charlie VILLANUEVA
Rick CARLISLE
Raul NETO
Isaiah JOE
DeAndre JORDAN
Tristan THOMPSON
Kevin MARTIN
Corey BREWER
Rudy GOBERT
Luke KENNARD
Joe INGLES
Andres NOCIONI
Bob McADOO
Deni AVDIJA
Dikembe MUTOMBO
Dennis RODMAN
Reggie JACKSON
Timothée LUWAWU CABARROT
Meyers LEONARD
Ben SIMMONS
Anthony BENNETT
Bob COUSY
Eric GORDON
 
Statistiques - réponses
Réponse % Correct
Ben SIMMONS
77%
Isaiah JOE
38%
Timothée LUWAWU CABARROT
38%
Eric GORDON
31%
Kyle KORVER
31%
Lou AMUNDSON
31%
Samuel DALEMBERT
23%
Corey BREWER
15%
DeAndre JORDAN
15%
Dikembe MUTOMBO
15%
Jeff HORNACEK
15%
Bob McADOO
8%
Jerry STACKHOUSE
8%
Raul NETO
8%
Reggie JACKSON
8%
Scott BROOKS
8%
Andres NOCIONI
0%
Aucun quiz correspondant
Distribution des résultats
% des personnes avec chaque résultat
Percentile par nombre de réponses
Votre historique - résultats
Vous n’avez pas pris ce quiz